Statistics for Countries Adele has visited

Click here to take the quiz!

General Stats

  • This quiz has been taken 162 times
  • The average score is 16 of 18

Answer Stats

ContinentCountry% Correct
North AmericaUnited States of America
99%
EuropeFrance
98%
EuropeUnited Kingdom
97%
OceaniaAustralia
96%
North AmericaCanada
95%
EuropeGermany
92%
EuropeItaly
92%
EuropeSpain
92%
OceaniaNew Zealand
91%
North AmericaMexico
88%
EuropePortugal
86%
EuropeBelgium
80%
EuropeIreland
80%
EuropeNorway
80%
EuropeSweden
80%
EuropeDenmark
78%
Europethe Netherlands
73%
EuropeSwitzerland
72%

Score Distribution

Percentile by Number Answered

Percent of People with Each Score

Your Score History

You have not taken this quiz